000 00281nam a22001337a 4500
008 181009b xxu||||| |||| 00| 0 eng d
020 _a0618611312
041 _aeng
080 _24th
_a510
100 _a38
101 _aMAT
245 _aAlgebra
_cAufmann,R.N
942 _2udc
_cBK
999 _c49204
_d49204